| 000 | 00628cam a22002053a 4500 | ||
|---|---|---|---|
| 001 | 40092 | ||
| 003 | PGUSA | ||
| 005 | 20140828083908.0 | ||
| 008 | 120626s2012||||xxu|||||s|||||000 | eng d | ||
| 040 |
_aPGUSA _beng |
||
| 042 | _adc | ||
| 100 | 1 | _aBellamy, Thomas | |
| 245 | 1 | 0 |
_aGuernsey Pictorial Directory and Stranger's Guide : _bEmbellished with Numerous Wood-cuts _h[electronic resource] / _cThomas Bellamy |
| 260 |
_bProject Gutenberg, _c2012 |
||
| 506 | _aPublic domain in the USA. | ||
| 516 | _aElectronic text | ||
| 830 | 0 |
_aProject Gutenberg _v40092 |
|
| 856 | 4 | 0 | _uhttp://www.gutenberg.org/ebooks/40092 |
| 942 | _cEB | ||
| 999 |
_c269345 _d269345 |
||